000 00207 a2200097 4500
001 45895
100 _aMollo V
245 _aDefence at bridge
260 _aLondon
_bFaber & Faber
_c
090 _c28999
_d28999
942 _aNUST-CAE
_cM
_c21111
999 _c280968
_d280968